000 00343nam a2200133Ia 4500
008 240624s9999 xx 000 0 und d
041 _aeng
082 _a658.4013 BUR
100 _aBURGHALL ROGER
245 _aLEAN SIX SIGMA BUSINESS TRANSFORMATION F
260 _c2014
_aNew Delhi
_bWiley
300 _a306 : p. : cm. ; 28
365 _cRS
_b33
999 _c26506
_d26506